000 00403nam a2200121 a 4500
001 000016821
005 20200929164952.0
008 100310s1985 dr 000 0 spa d
040 _aDO-SdBNP
_bspa
_cBNPHU
245 0 _aSir Robert H. Schomburgk : notas críticas a su obra etnológica en Santo Domingo.
260 _aSanto Domingo, :
_bMuseo Del Hombre Dominicano,
_c1985.
300 _a96p. :
_bil. ;
_c23 cm.
999 _c16353
_d16353